00549cam a22002051 4500001001300000003000400013005001700017008004100034010001700075035002000092040001800112042001200130050001900142100003400161245004500195260001200240300004900252500001500301651002700316ne 64001343 DLC20260227111800.0890620s1964 xx abc 000 0 ara  ane 64001343  a(OCoLC)23489676 aDLCcMiUdDLC apremarc00aTC558.E5bA8331 aAmīn, Muḥammad Ḥusnī.13aal-Sadd al-ʻĀlī thawrah shāmilah. c[1964.] a136 p.billus., ports., map, diagrs.c24 cm. aRomanized. 0aAswan High Dam (Egypt)